[Event "Irena Warakomska Memorial A"]
[Site "Suwalki"]
[Date "2021.07.31"]
[Round "6"]
[White "Socko, Bartosz"]
[Black "Jakubowski, Krzysztof"]
[Result "1-0"]
[Board "1"]
[WhiteElo "2619"]
[WhiteTitle "GM"]
[WhiteCountry "POL"]
[WhiteFideId "1107038"]
[WhiteEloChange "3"]
[BlackElo "2497"]
[BlackTitle "GM"]
[BlackCountry "POL"]
[BlackFideId "1112848"]
[BlackEloChange "-3"]

1. e4 {[%clk 1:30:58]} c5 {[%clk 1:30:52]} 2. Nf3 {[%clk 1:31:22]} e6 {[%clk
1:31:17]} 3. d4 {[%clk 1:31:48]} cxd4 {[%clk 1:31:40]} 4. Nxd4 {[%clk 1:32:14]}
Nf6 {[%clk 1:32:02]} 5. Nc3 {[%clk 1:32:40]} d6 {[%clk 1:32:26]} 6. Be3 {[%clk
1:33:06]} a6 {[%clk 1:32:50]} 7. f3 {[%clk 1:33:32]} b5 {[%clk 1:33:11]} 8. Qd2
{[%clk 1:33:59]} Nbd7 {[%clk 1:31:54]} 9. g4 {[%clk 1:32:01]} h6 {[%clk 1:31:03]}
10. h4 {[%clk 1:30:54]} Nb6 {[%clk 1:30:00]} 11. a4 {[%clk 1:30:18]} bxa4 {[%clk
1:28:03]} 12. Nxa4 {[%clk 1:28:57]} Nxa4 {[%clk 1:27:49]} 13. Rxa4 {[%clk
1:29:21]} Nd7 {[%clk 1:27:53]} 14. Kf2 {[%clk 1:16:50]} Bb7 {[%clk 1:16:26]} 15.
Qa5 {[%clk 1:16:20]} Qxa5 {[%clk 0:53:52]} 16. Rxa5 {[%clk 1:15:35]} Be7 {[%clk
0:53:17]} 17. Be2 {[%clk 1:15:31]} O-O {[%clk 0:52:37]} 18. g5 {[%clk 1:15:05]}
hxg5 {[%clk 0:48:27]} 19. Bxg5 {[%clk 1:12:51]} Nf6 {[%clk 0:48:12]} 20. Rha1
{[%clk 1:11:46]} Bd8 {[%clk 0:48:31]} 21. R5a3 {[%clk 1:08:18]} Bb6 {[%clk
0:41:09]} 22. Be3 {[%clk 1:08:29]} Bc5 {[%clk 0:41:35]} 23. b4 {[%clk 1:02:43]}
Bb6 {[%clk 0:36:09]} 24. Nb3 {[%clk 0:59:34]} Bxe3+ {[%clk 0:36:10]} 25. Kxe3
{[%clk 0:59:58]} Rab8 {[%clk 0:32:26]} 26. c3 {[%clk 0:58:08]} d5 {[%clk
0:27:30]} 27. Bxa6 {[%clk 0:54:40]} Bxa6 {[%clk 0:25:28]} 28. Rxa6 {[%clk
0:54:30]} e5 {[%clk 0:25:52]} 29. Na5 {[%clk 0:49:19]} dxe4 {[%clk 0:19:35]} 30.
fxe4 {[%clk 0:46:57]} Ng4+ {[%clk 0:18:36]} 31. Kf3 {[%clk 0:44:05]} f5 {[%clk
0:18:49]} 32. Nc6 {[%clk 0:44:02]} Rbe8 {[%clk 0:19:10]} 33. b5 {[%clk 0:41:17]}
Kh7 {[%clk 0:18:11]} 34. b6 {[%clk 0:40:01]} fxe4+ {[%clk 0:15:04]} 35. Kxg4
{[%clk 0:39:41]} Re6 {[%clk 0:12:43]} 36. Nxe5 {[%clk 0:30:26]} Rxe5 {[%clk
0:12:46]} 37. Ra8 {[%clk 0:28:46]} Rf7 {[%clk 0:07:29]} 38. R1a7 {[%clk 0:27:11]}
Rf1 {[%clk 0:07:40]} 39. b7 {[%clk 0:26:16]} Re6 {[%clk 0:08:05]} 40. h5 {[%clk
0:55:24]} Rg1+ {[%clk 0:37:32]} 41. Kf5 {[%clk 0:53:44]} Rf6+ {[%clk 0:37:57]}
42. Ke5 {[%clk 0:53:05]} Rg5+ {[%clk 0:38:10]} 43. Kd4 {[%clk 0:53:18]} Rd6+
{[%clk 0:38:17]} 44. Kxe4 {[%clk 0:52:37]} Re6+ {[%clk 0:35:34]} 45. Kf4 {[%clk
0:52:49]} Rxh5 {[%clk 0:32:55]} 1-0

[Event "Irena Warakomska Memorial A"]
[Site "Suwalki"]
[Date "2021.07.31"]
[Round "6"]
[White "Kosakowski, Jakub"]
[Black "Chatalbashev, Boris"]
[Result "1/2-1/2"]
[Board "2"]
[WhiteElo "2417"]
[WhiteTitle "IM"]
[WhiteCountry "POL"]
[WhiteFideId "1185080"]
[WhiteEloChange "2"]
[BlackElo "2535"]
[BlackTitle "GM"]
[BlackCountry "DEN"]
[BlackFideId "2900440"]
[BlackEloChange "-2"]

1. e4 {[%clk 1:30:41]} g6 {[%clk 1:30:55]} 2. d4 {[%clk 1:30:57]} Bg7 {[%clk
1:31:21]} 3. Nf3 {[%clk 1:31:17]} d6 {[%clk 1:31:45]} 4. Bc4 {[%clk 1:31:16]} e6
{[%clk 1:32:10]} 5. Nc3 {[%clk 1:28:12]} Ne7 {[%clk 1:31:52]} 6. O-O {[%clk
1:19:46]} a6 {[%clk 1:31:43]} 7. a4 {[%clk 1:18:55]} b6 {[%clk 1:31:58]} 8. Re1
{[%clk 1:14:45]} O-O {[%clk 1:30:56]} 9. h4 {[%clk 0:45:24]} h6 {[%clk 1:30:46]}
10. h5 {[%clk 0:42:12]} d5 {[%clk 1:19:06]} 11. Bd3 {[%clk 0:41:49]} Nbc6 {[%clk
1:14:43]} 12. e5 {[%clk 0:39:44]} Nb4 {[%clk 1:12:32]} 13. Bf1 {[%clk 0:37:44]}
c5 {[%clk 1:12:29]} 14. Ne2 {[%clk 0:37:11]} cxd4 {[%clk 1:05:29]} 15. Nexd4
{[%clk 0:37:17]} Qc7 {[%clk 1:05:36]} 16. Bf4 {[%clk 0:35:13]} Nbc6 {[%clk
0:56:46]} 17. Qd2 {[%clk 0:34:25]} g5 {[%clk 0:53:57]} 18. Nxc6 {[%clk 0:32:48]}
Nxc6 {[%clk 0:54:02]} 19. Bg3 {[%clk 0:33:08]} Qe7 {[%clk 0:46:28]} 20. Ra3
{[%clk 0:31:57]} Bd7 {[%clk 0:44:48]} 21. Nh2 {[%clk 0:29:23]} f5 {[%clk
0:40:06]} 22. exf6 {[%clk 0:29:45]} Qxf6 {[%clk 0:40:32]} 23. Nf3 {[%clk
0:25:52]} Qxb2 {[%clk 0:34:47]} 24. Rb3 {[%clk 0:26:13]} Qa2 {[%clk 0:35:11]} 25.
Rxb6 {[%clk 0:23:11]} Rxf3 {[%clk 0:32:37]} 26. gxf3 {[%clk 0:23:37]} Nd4 {[%clk
0:33:02]} 27. Bg2 {[%clk 0:22:15]} Qxc2 {[%clk 0:29:58]} 28. Qxc2 {[%clk
0:20:11]} Nxc2 {[%clk 0:30:26]} 29. Rc1 {[%clk 0:20:31]} Bxa4 {[%clk 0:21:58]}
30. Rxe6 {[%clk 0:16:51]} Nd4 {[%clk 0:22:10]} 31. Ree1 {[%clk 0:12:05]} Bb5
{[%clk 0:18:21]} 32. Kh2 {[%clk 0:10:42]} Rf8 {[%clk 0:16:49]} 33. Rc7 {[%clk
0:07:52]} Nxf3+ {[%clk 0:11:34]} 34. Bxf3 {[%clk 0:08:17]} Rxf3 {[%clk 0:11:58]}
35. Ree7 {[%clk 0:07:04]} Bf8 {[%clk 0:11:04]} 36. Re6 {[%clk 0:07:29]} Rf7
{[%clk 0:05:31]} 37. Rg6+ {[%clk 0:02:20]} Bg7 {[%clk 0:05:56]} 38. Rc8+ {[%clk
0:02:31]} Kh7 {[%clk 0:04:06]} 39. Rd8 {[%clk 0:02:07]} d4 {[%clk 0:02:15]} 40.
Re6 {[%clk 0:30:43]} d3 {[%clk 0:31:33]} 41. Kg1 {[%clk 0:16:12]} Bc4 {[%clk
0:24:07]} 42. Rc6 {[%clk 0:14:49]} Bb5 {[%clk 0:24:25]} 43. Re6 {[%clk 0:13:34]}
Bc4 {[%clk 0:24:48]} 44. Rc6 {[%clk 0:08:20]} Bb5 {[%clk 0:24:45]} 45. Re6 {[%clk
0:08:39]} 1/2-1/2

[Event "Irena Warakomska Memorial A"]
[Site "Suwalki"]
[Date "2021.07.31"]
[Round "6"]
[White "Pultinevicius, Paulius"]
[Black "Nasuta, Grzegorz"]
[Result "1/2-1/2"]
[Board "3"]
[WhiteElo "2492"]
[WhiteTitle "GM"]
[WhiteCountry "LTU"]
[WhiteFideId "12809390"]
[BlackElo "2518"]
[BlackTitle "GM"]
[BlackCountry "POL"]
[BlackFideId "1141686"]

1. d4 {[%clk 1:30:58]} Nf6 {[%clk 1:30:50]} 2. c4 {[%clk 1:31:23]} g6 {[%clk
1:31:15]} 3. Nc3 {[%clk 1:31:34]} d5 {[%clk 1:31:38]} 4. cxd5 {[%clk 1:31:57]}
Nxd5 {[%clk 1:32:04]} 5. e4 {[%clk 1:32:20]} Nxc3 {[%clk 1:32:28]} 6. bxc3 {[%clk
1:32:46]} Bg7 {[%clk 1:32:51]} 7. Nf3 {[%clk 1:32:23]} c5 {[%clk 1:32:56]} 8. h3
{[%clk 1:32:47]} O-O {[%clk 1:26:31]} 9. Be2 {[%clk 1:32:42]} b6 {[%clk 1:24:20]}
10. Be3 {[%clk 1:32:30]} Bb7 {[%clk 1:23:10]} 11. Qd3 {[%clk 1:32:48]} Ba6 {[%clk
1:20:23]} 12. Qd2 {[%clk 1:31:36]} Bxe2 {[%clk 1:20:46]} 13. Qxe2 {[%clk
1:31:40]} Nd7 {[%clk 1:19:58]} 14. O-O {[%clk 1:30:13]} Qc7 {[%clk 1:19:55]} 15.
Rac1 {[%clk 1:24:34]} e6 {[%clk 1:16:38]} 16. e5 {[%clk 1:19:09]} Rac8 {[%clk
1:12:21]} 17. h4 {[%clk 1:06:12]} cxd4 {[%clk 0:39:37]} 18. cxd4 {[%clk 1:06:36]}
Qb7 {[%clk 0:40:02]} 19. h5 {[%clk 1:01:32]} Rxc1 {[%clk 0:39:40]} 20. Rxc1
{[%clk 1:01:57]} Rc8 {[%clk 0:40:02]} 21. Rd1 {[%clk 1:01:53]} Qd5 {[%clk
0:29:36]} 22. hxg6 {[%clk 0:52:41]} hxg6 {[%clk 0:30:00]} 23. Ng5 {[%clk
0:53:04]} b5 {[%clk 0:20:42]} 24. Qg4 {[%clk 0:51:49]} Rc4 {[%clk 0:20:17]} 25.
Qe2 {[%clk 0:31:44]} Nb6 {[%clk 0:16:00]} 26. f3 {[%clk 0:27:14]} Ra4 {[%clk
0:12:07]} 27. Ne4 {[%clk 0:24:20]} Rxa2 {[%clk 0:12:20]} 28. Qe1 {[%clk 0:24:07]}
Qc4 {[%clk 0:08:43]} 29. Qh4 {[%clk 0:21:16]} Qe2 {[%clk 0:01:50]} 30. Qd8+
{[%clk 0:21:10]} Kh7 {[%clk 0:02:11]} 31. Ng5+ {[%clk 0:20:25]} Kh6 {[%clk
0:02:36]} 32. Nxf7+ {[%clk 0:20:51]} Kh7 {[%clk 0:02:59]} 33. Ng5+ {[%clk
0:18:28]} Kh6 {[%clk 0:03:23]} 34. Nxe6+ {[%clk 0:11:53]} Kh7 {[%clk 0:01:28]}
35. Ng5+ {[%clk 0:07:13]} Kh6 {[%clk 0:01:56]} 36. Nh3+ {[%clk 0:02:47]} Kh7
{[%clk 0:01:30]} 37. Ng5+ {[%clk 0:00:44]} Kh6 {[%clk 0:01:59]} 38. Nf7+ {[%clk
0:01:04]} 1/2-1/2

[Event "Irena Warakomska Memorial A"]
[Site "Suwalki"]
[Date "2021.07.31"]
[Round "6"]
[White "Laurusas, Tomas"]
[Black "Janik, Igor"]
[Result "1/2-1/2"]
[Board "4"]
[WhiteElo "2518"]
[WhiteTitle "IM"]
[WhiteCountry "LTU"]
[WhiteFideId "12803731"]
[BlackElo "2500"]
[BlackTitle "IM"]
[BlackCountry "POL"]
[BlackFideId "1159259"]

1. d4 {[%clk 1:30:59]} Nf6 {[%clk 1:30:53]} 2. c4 {[%clk 1:31:00]} e6 {[%clk
1:31:17]} 3. Nc3 {[%clk 1:31:27]} Bb4 {[%clk 1:31:30]} 4. e3 {[%clk 1:31:43]} O-O
{[%clk 1:31:44]} 5. Bd2 {[%clk 1:32:04]} b6 {[%clk 1:32:05]} 6. Rc1 {[%clk
1:31:53]} Ba6 {[%clk 1:28:08]} 7. Be2 {[%clk 1:31:06]} d5 {[%clk 1:27:41]} 8.
cxd5 {[%clk 1:31:12]} exd5 {[%clk 1:27:36]} 9. Bxa6 {[%clk 1:29:19]} Nxa6 {[%clk
1:28:01]} 10. Nf3 {[%clk 1:29:43]} Re8 {[%clk 1:27:52]} 11. O-O {[%clk 1:29:41]}
Bf8 {[%clk 1:25:00]} 12. Ne2 {[%clk 1:24:53]} Qc8 {[%clk 1:19:23]} 13. Qc2 {[%clk
1:22:06]} Qb7 {[%clk 1:18:40]} 14. Qc6 {[%clk 1:09:43]} Qxc6 {[%clk 1:12:29]} 15.
Rxc6 {[%clk 1:10:06]} Bd6 {[%clk 1:12:06]} 16. Rfc1 {[%clk 1:10:25]} Ne4 {[%clk
1:10:56]} 17. Be1 {[%clk 1:04:19]} Rad8 {[%clk 1:03:19]} 18. h3 {[%clk 0:58:45]}
Re6 {[%clk 0:55:33]} 19. Nh2 {[%clk 0:55:38]} Nf6 {[%clk 0:45:24]} 20. Nf1 {[%clk
0:55:01]} Nb8 {[%clk 0:44:58]} 21. R6c2 {[%clk 0:55:23]} c5 {[%clk 0:43:43]} 22.
b3 {[%clk 0:54:21]} a5 {[%clk 0:30:57]} 23. dxc5 {[%clk 0:46:19]} Bxc5 {[%clk
0:31:21]} 24. Nd4 {[%clk 0:46:37]} Ree8 {[%clk 0:30:30]} 25. f3 {[%clk 0:42:15]}
Nfd7 {[%clk 0:26:09]} 26. Rd1 {[%clk 0:37:41]} Rc8 {[%clk 0:18:46]} 27. Nb5
{[%clk 0:36:13]} Nf6 {[%clk 0:17:44]} 28. Bh4 {[%clk 0:28:14]} Nbd7 {[%clk
0:15:45]} 29. Rdc1 {[%clk 0:28:13]} Re6 {[%clk 0:14:11]} 30. Bg3 {[%clk 0:22:50]}
Rd8 {[%clk 0:13:21]} 31. Kf2 {[%clk 0:19:37]} Ne5 {[%clk 0:11:06]} 32. Rd1 {[%clk
0:18:40]} Nc6 {[%clk 0:10:59]} 33. Rcd2 {[%clk 0:18:35]} Re7 {[%clk 0:07:46]} 34.
Bf4 {[%clk 0:10:38]} h6 {[%clk 0:07:43]} 35. h4 {[%clk 0:11:04]} Red7 {[%clk
0:03:49]} 36. Nd4 {[%clk 0:10:40]} Nxd4 {[%clk 0:02:27]} 37. exd4 {[%clk
0:11:04]} Be7 {[%clk 0:02:56]} 38. Rc2 {[%clk 0:09:32]} Nh5 {[%clk 0:01:58]} 39.
Bg3 {[%clk 0:07:56]} Nxg3 {[%clk 0:02:04]} 40. Kxg3 {[%clk 0:38:21]} h5 {[%clk
0:30:38]} 41. Kh3 {[%clk 0:28:05]} Rd6 {[%clk 0:28:24]} 42. g3 {[%clk 0:22:27]}
Re6 {[%clk 0:27:14]} 43. Kg2 {[%clk 0:19:26]} Re8 {[%clk 0:26:55]} 44. Kf2 {[%clk
0:19:51]} Bb4 {[%clk 0:27:20]} 45. f4 {[%clk 0:18:52]} g6 {[%clk 0:22:08]} 46.
Kf3 {[%clk 0:18:02]} Bf8 {[%clk 0:20:24]} 47. Rd3 {[%clk 0:16:09]} Bg7 {[%clk
0:19:24]} 48. Ne3 {[%clk 0:16:13]} Rd6 {[%clk 0:19:47]} 49. a4 {[%clk 0:15:40]}
Re4 {[%clk 0:18:03]} 50. Rcd2 {[%clk 0:12:34]} f5 {[%clk 0:18:00]} 51. Nd1 {[%clk
0:12:52]} Rc6 {[%clk 0:15:46]} 52. Nc3 {[%clk 0:07:35]} Rxd4 {[%clk 0:16:00]} 53.
Nxd5 {[%clk 0:07:49]} Rxd3+ {[%clk 0:16:15]} 54. Rxd3 {[%clk 0:08:18]} Bf8 {[%clk
0:15:37]} 55. Ne3 {[%clk 0:08:35]} Rc1 {[%clk 0:14:27]} 56. Ke2 {[%clk 0:04:56]}
Bc5 {[%clk 0:12:50]} 57. Nc4 {[%clk 0:05:25]} Rc2+ {[%clk 0:11:45]} 58. Kf1
{[%clk 0:05:44]} Rf2+ {[%clk 0:11:41]} 59. Ke1 {[%clk 0:06:09]} Rg2 {[%clk
0:11:47]} 60. Ne5 {[%clk 0:06:28]} Kg7 {[%clk 0:11:54]} 61. Kf1 {[%clk 0:04:58]}
Rg1+ {[%clk 0:11:58]} 62. Ke2 {[%clk 0:05:19]} Rg2+ {[%clk 0:12:03]} 63. Kf1
{[%clk 0:05:15]} Rg1+ {[%clk 0:12:22]} 64. Ke2 {[%clk 0:05:34]} Rg2+ {[%clk
0:12:46]} 65. Ke1 {[%clk 0:05:52]} Rg1+ {[%clk 0:12:27]} 66. Kd2 {[%clk 0:05:22]}
Bb4+ {[%clk 0:12:28]} 67. Ke2 {[%clk 0:05:31]} Bc5 {[%clk 0:12:08]} 68. Rd7+
{[%clk 0:03:43]} Kf6 {[%clk 0:12:15]} 69. Rd3 {[%clk 0:02:46]} Rg2+ {[%clk
0:11:42]} 70. Kf1 {[%clk 0:03:12]} Rg1+ {[%clk 0:12:08]} 71. Ke2 {[%clk 0:03:39]}
Rg2+ {[%clk 0:12:35]} 72. Ke1 {[%clk 0:04:02]} Ke6 {[%clk 0:08:50]} 73. Kf1
{[%clk 0:02:10]} Rg1+ {[%clk 0:09:13]} 74. Ke2 {[%clk 0:02:36]} Rg2+ {[%clk
0:09:41]} 75. Kf1 {[%clk 0:02:21]} Rg1+ {[%clk 0:10:06]} 76. Ke2 {[%clk 0:02:48]}
Rg2+ {[%clk 0:10:31]} 1/2-1/2

[Event "Irena Warakomska Memorial A"]
[Site "Suwalki"]
[Date "2021.07.31"]
[Round "6"]
[White "Tomczak, Jacek"]
[Black "Goluch, Piotr"]
[Result "1/2-1/2"]
[Board "5"]
[WhiteElo "2603"]
[WhiteTitle "GM"]
[WhiteCountry "POL"]
[WhiteFideId "1124668"]
[WhiteEloChange "-3"]
[BlackElo "2333"]
[BlackTitle "IM"]
[BlackCountry "POL"]
[BlackFideId "1137840"]
[BlackEloChange "7"]

1. e4 {[%clk 1:30:56]} c6 {[%clk 1:30:55]} 2. d4 {[%clk 1:31:14]} d5 {[%clk
1:31:21]} 3. f3 {[%clk 1:31:31]} Qb6 {[%clk 1:31:48]} 4. Nc3 {[%clk 1:31:46]}
dxe4 {[%clk 1:32:15]} 5. Bc4 {[%clk 1:32:07]} Nf6 {[%clk 1:26:13]} 6. fxe4 {[%clk
1:32:25]} e5 {[%clk 1:23:51]} 7. dxe5 {[%clk 1:32:44]} Ng4 {[%clk 1:23:24]} 8.
Qe2 {[%clk 1:33:02]} Nxe5 {[%clk 1:22:50]} 9. Bb3 {[%clk 1:32:46]} Bg4 {[%clk
1:15:53]} 10. Nf3 {[%clk 1:33:01]} Nbd7 {[%clk 1:16:13]} 11. h3 {[%clk 1:23:32]}
Bh5 {[%clk 1:11:35]} 12. Bd2 {[%clk 1:08:42]} Nxf3+ {[%clk 0:57:51]} 13. gxf3
{[%clk 1:09:06]} Ne5 {[%clk 0:58:14]} 14. Rf1 {[%clk 1:07:02]} O-O-O {[%clk
0:58:33]} 15. O-O-O {[%clk 1:02:07]} Bb4 {[%clk 0:55:25]} 16. Qg2 {[%clk
0:35:50]} Bxc3 {[%clk 0:55:46]} 17. Bxc3 {[%clk 0:33:42]} Nxf3 {[%clk 0:47:16]}
18. Qxg7 {[%clk 0:28:56]} Qe3+ {[%clk 0:46:35]} 19. Kb1 {[%clk 0:29:01]} Qf4
{[%clk 0:12:02]} 20. a3 {[%clk 0:25:16]} Rhg8 {[%clk 0:11:23]} 21. Rxd8+ {[%clk
0:22:44]} Rxd8 {[%clk 0:11:51]} 22. Ka2 {[%clk 0:23:04]} Qxe4 {[%clk 0:09:15]}
23. Bf6 {[%clk 0:07:26]} Re8 {[%clk 0:09:18]} 24. Bxf7 {[%clk 0:02:50]} Bxf7+
{[%clk 0:06:22]} 25. Qxf7 {[%clk 0:03:18]} h5 {[%clk 0:03:45]} 26. Rd1 {[%clk
0:02:12]} Qe6+ {[%clk 0:04:02]} 27. Qxe6+ {[%clk 0:02:40]} Rxe6 {[%clk 0:04:28]}
28. Rd8+ {[%clk 0:03:06]} Kc7 {[%clk 0:04:55]} 29. Rf8 {[%clk 0:03:32]} Ne5
{[%clk 0:01:30]} 30. Bg5 {[%clk 0:03:25]} Ng6 {[%clk 0:00:49]} 31. Rf7+ {[%clk
0:03:49]} Kb6 {[%clk 0:01:14]} 32. Rh7 {[%clk 0:03:46]} Re5 {[%clk 0:00:53]} 33.
h4 {[%clk 0:03:14]} Ka6 {[%clk 0:00:52]} 34. b4 {[%clk 0:01:48]} Rf5 {[%clk
0:00:59]} 35. Kb3 {[%clk 0:01:31]} Ne5 {[%clk 0:01:00]} 36. a4 {[%clk 0:00:41]}
Nf3 {[%clk 0:01:19]} 37. Bd8 {[%clk 0:00:39]} Rd5 {[%clk 0:00:44]} 38. Bf6 {[%clk
0:00:51]} Rf5 {[%clk 0:01:11]} 39. Bc3 {[%clk 0:00:39]} Nxh4 {[%clk 0:00:37]} 40.
Bd4 {[%clk 0:30:32]} Nf3 {[%clk 0:30:45]} 41. Be3 {[%clk 0:25:25]} Rd5 {[%clk
0:21:52]} 1/2-1/2

[Event "Irena Warakomska Memorial A"]
[Site "Suwalki"]
[Date "2021.07.31"]
[Round "6"]
[White "Licznerski, Lukasz"]
[Black "Klimkowski, Jan"]
[Result "1/2-1/2"]
[Board "6"]
[WhiteElo "2400"]
[WhiteTitle "FM"]
[WhiteCountry "POL"]
[WhiteFideId "1179250"]
[WhiteEloChange "-1"]
[BlackElo "2322"]
[BlackTitle "FM"]
[BlackCountry "POL"]
[BlackFideId "21856222"]
[BlackEloChange "2"]

1. e4 {[%clk 1:20:46]} c5 {[%clk 1:30:49]} 2. Nf3 {[%clk 1:20:41]} d6 {[%clk
1:31:15]} 3. d4 {[%clk 1:20:57]} cxd4 {[%clk 1:31:40]} 4. Nxd4 {[%clk 1:21:23]}
Nf6 {[%clk 1:32:05]} 5. Nc3 {[%clk 1:21:50]} a6 {[%clk 1:32:31]} 6. f4 {[%clk
1:22:16]} e6 {[%clk 1:32:56]} 7. Bd3 {[%clk 1:20:34]} Nbd7 {[%clk 1:32:58]} 8.
Qf3 {[%clk 1:20:05]} Qc7 {[%clk 1:31:51]} 9. g4 {[%clk 1:05:48]} Nc5 {[%clk
1:30:16]} 10. g5 {[%clk 1:03:30]} Nfd7 {[%clk 1:30:35]} 11. Qh3 {[%clk 0:30:09]}
Nb6 {[%clk 1:12:16]} 12. Nb3 {[%clk 0:27:21]} Bd7 {[%clk 0:59:47]} 13. Be3 {[%clk
0:25:35]} O-O-O {[%clk 0:53:30]} 14. O-O-O {[%clk 0:25:25]} Nxd3+ {[%clk
0:50:16]} 15. cxd3 {[%clk 0:25:20]} Na4 {[%clk 0:48:44]} 16. Bd2 {[%clk 0:25:29]}
Nc5 {[%clk 0:44:58]} 17. Kb1 {[%clk 0:13:54]} Nxb3 {[%clk 0:42:34]} 18. axb3
{[%clk 0:14:23]} Qb6 {[%clk 0:38:43]} 19. Ka2 {[%clk 0:13:04]} Kb8 {[%clk
0:37:59]} 20. Qe3 {[%clk 0:13:01]} Qxe3 {[%clk 0:36:31]} 21. Bxe3 {[%clk
0:13:29]} Bc6 {[%clk 0:30:54]} 22. Bd4 {[%clk 0:13:31]} Rg8 {[%clk 0:30:53]} 23.
Rhg1 {[%clk 0:13:08]} d5 {[%clk 0:28:04]} 24. e5 {[%clk 0:12:53]} Bb4 {[%clk
0:27:13]} 25. Rg3 {[%clk 0:12:19]} g6 {[%clk 0:25:28]} 26. Rh3 {[%clk 0:09:50]}
Rh8 {[%clk 0:25:46]} 27. Rg1 {[%clk 0:10:18]} Bf8 {[%clk 0:22:22]} 28. Rg4 {[%clk
0:10:42]} h5 {[%clk 0:20:03]} 29. gxh6 {[%clk 0:11:10]} Rxh6 {[%clk 0:18:59]} 30.
Rgh4 {[%clk 0:11:29]} Rxh4 {[%clk 0:19:24]} 31. Rxh4 {[%clk 0:11:57]} Be7 {[%clk
0:18:31]} 32. Rh7 {[%clk 0:12:25]} Rf8 {[%clk 0:18:55]} 33. Bb6 {[%clk 0:07:00]}
Bb5 {[%clk 0:16:57]} 34. Nxb5 {[%clk 0:06:17]} axb5 {[%clk 0:17:21]} 35. Kb1
{[%clk 0:03:12]} Kc8 {[%clk 0:17:06]} 36. Kc2 {[%clk 0:03:35]} Kd7 {[%clk
0:17:19]} 37. Kd2 {[%clk 0:02:37]} Bb4+ {[%clk 0:15:55]} 38. Ke2 {[%clk 0:01:08]}
Ke7 {[%clk 0:13:38]} 39. Bf2 {[%clk 0:01:01]} Rc8 {[%clk 0:10:12]} 40. Bh4+
{[%clk 0:31:28]} Ke8 {[%clk 0:40:37]} 41. Kd1 {[%clk 0:22:53]} Bc5 {[%clk
0:40:45]} 42. Rh8+ {[%clk 0:22:12]} Kd7 {[%clk 0:41:12]} 43. Rh7 {[%clk 0:22:38]}
Ke8 {[%clk 0:41:39]} 44. Rh8+ {[%clk 0:22:52]} Kd7 {[%clk 0:42:06]} 45. Rh7
{[%clk 0:23:18]} 1/2-1/2

[Event "Irena Warakomska Memorial A"]
[Site "Suwalki"]
[Date "2021.07.31"]
[Round "6"]
[White "Lewtak, Damian"]
[Black "Szpar, Milosz"]
[Result "1-0"]
[Board "7"]
[WhiteElo "2380"]
[WhiteTitle "IM"]
[WhiteCountry "POL"]
[WhiteFideId "1141724"]
[WhiteEloChange "10"]
[BlackElo "2392"]
[BlackTitle "FM"]
[BlackCountry "POL"]
[BlackFideId "1184989"]
[BlackEloChange "-10"]

1. d4 {[%clk 1:30:58]} Nf6 {[%clk 1:23:07]} 2. c4 {[%clk 1:31:23]} c5 {[%clk
1:22:47]} 3. d5 {[%clk 1:31:48]} e6 {[%clk 1:22:00]} 4. Nc3 {[%clk 1:31:55]} exd5
{[%clk 1:21:59]} 5. cxd5 {[%clk 1:32:17]} d6 {[%clk 1:22:19]} 6. e4 {[%clk
1:32:40]} g6 {[%clk 1:22:07]} 7. Nf3 {[%clk 1:28:50]} Bg7 {[%clk 1:21:15]} 8. Nd2
{[%clk 1:26:28]} O-O {[%clk 1:20:46]} 9. Be2 {[%clk 1:26:21]} Re8 {[%clk
1:14:59]} 10. O-O {[%clk 1:25:24]} Nbd7 {[%clk 1:12:34]} 11. Re1 {[%clk 1:23:34]}
h6 {[%clk 1:02:53]} 12. Bf1 {[%clk 1:16:47]} g5 {[%clk 0:58:51]} 13. Nc4 {[%clk
1:03:25]} Nb6 {[%clk 0:55:04]} 14. a4 {[%clk 0:56:31]} Nxc4 {[%clk 0:52:56]} 15.
Bxc4 {[%clk 0:56:54]} Ng4 {[%clk 0:53:14]} 16. Be2 {[%clk 0:50:03]} f5 {[%clk
0:51:43]} 17. Bxg4 {[%clk 0:44:32]} fxg4 {[%clk 0:52:06]} 18. Qd3 {[%clk
0:44:57]} Bf5 {[%clk 0:38:53]} 19. Bxg5 {[%clk 0:41:19]} Qxg5 {[%clk 0:38:55]}
20. exf5 {[%clk 0:41:40]} Rf8 {[%clk 0:38:17]} 21. Re6 {[%clk 0:36:11]} Qxf5
{[%clk 0:36:54]} 22. Qxf5 {[%clk 0:33:37]} Rxf5 {[%clk 0:37:18]} 23. Rxd6 {[%clk
0:33:53]} Re8 {[%clk 0:34:06]} 24. Rd1 {[%clk 0:27:42]} h5 {[%clk 0:32:15]} 25.
Kf1 {[%clk 0:25:57]} Bd4 {[%clk 0:19:18]} 26. Rd2 {[%clk 0:25:48]} Ree5 {[%clk
0:16:32]} 27. Nb5 {[%clk 0:20:17]} Rxd5 {[%clk 0:15:01]} 28. Rxd5 {[%clk
0:19:41]} Rxd5 {[%clk 0:14:47]} 29. Nxa7 {[%clk 0:20:04]} Rf5 {[%clk 0:14:33]}
30. Nb5 {[%clk 0:19:31]} Be3 {[%clk 0:12:39]} 31. Rc2 {[%clk 0:11:55]} b6 {[%clk
0:11:16]} 32. g3 {[%clk 0:11:41]} Kf8 {[%clk 0:08:42]} 33. Kg2 {[%clk 0:09:39]}
Bg5 {[%clk 0:08:59]} 34. Nd6 {[%clk 0:09:32]} Rf3 {[%clk 0:08:12]} 35. Rc3 {[%clk
0:08:58]} Rf6 {[%clk 0:08:30]} 36. Ne4 {[%clk 0:08:01]} Rf5 {[%clk 0:08:31]} 37.
f3 {[%clk 0:06:15]} Bf6 {[%clk 0:07:38]} 38. Nxf6 {[%clk 0:02:22]} Rxf6 {[%clk
0:08:03]} 39. Kf2 {[%clk 0:01:16]} Rd6 {[%clk 0:02:50]} 40. Ke2 {[%clk 0:31:26]}
Rd4 {[%clk 0:31:41]} 41. b3 {[%clk 0:26:50]} Rb4 {[%clk 0:26:56]} 42. fxg4 {[%clk
0:27:14]} hxg4 {[%clk 0:26:20]} 43. Kd2 {[%clk 0:22:48]} Kf7 {[%clk 0:22:31]} 44.
Kc2 {[%clk 0:21:42]} Kf6 {[%clk 0:16:25]} 45. Re3 {[%clk 0:17:26]} c4 {[%clk
0:09:38]} 46. bxc4 {[%clk 0:17:50]} Rxa4 {[%clk 0:07:21]} 47. Kb3 {[%clk
0:15:42]} Ra5 {[%clk 0:07:37]} 48. Re4 {[%clk 0:15:28]} Rh5 {[%clk 0:05:19]} 49.
Rxg4 {[%clk 0:15:06]} Rxh2 {[%clk 0:05:37]} 50. Re4 {[%clk 0:15:31]} Rh5 {[%clk
0:05:02]} 51. Kb4 {[%clk 0:15:43]} Rg5 {[%clk 0:05:00]} 52. g4 {[%clk 0:14:56]}
Kf7 {[%clk 0:04:38]} 53. Ka4 {[%clk 0:13:01]} Ra5+ {[%clk 0:04:34]} 54. Kb3
{[%clk 0:12:52]} Rg5 {[%clk 0:04:39]} 55. Kb4 {[%clk 0:12:53]} Kf6 {[%clk
0:03:26]} 56. Re8 {[%clk 0:13:04]} Rxg4 {[%clk 0:03:21]} 57. Kb5 {[%clk 0:13:24]}
Kf7 {[%clk 0:02:55]} 58. Rc8 {[%clk 0:13:10]} Ke7 {[%clk 0:02:41]} 59. Kxb6
{[%clk 0:13:29]} Kd7 {[%clk 0:02:13]} 60. Rc7+ {[%clk 0:13:15]} Kd8 {[%clk
0:02:19]} 61. c5 {[%clk 0:13:18]} Rg6+ {[%clk 0:01:08]} 62. Rc6 {[%clk 0:12:13]}
Rg1 {[%clk 0:00:37]} 63. Rh6 {[%clk 0:12:21]} Rc1 {[%clk 0:00:31]} 64. Kc6 {[%clk
0:12:27]} Ra1 {[%clk 0:00:33]} 65. Rh8+ {[%clk 0:12:35]} Ke7 {[%clk 0:00:57]} 66.
Kb7 {[%clk 0:12:04]} Rb1+ {[%clk 0:01:05]} 67. Kc7 {[%clk 0:12:28]} Rb2 {[%clk
0:00:56]} 68. c6 {[%clk 0:12:49]} Rb1 {[%clk 0:00:53]} 69. Rh7+ {[%clk 0:13:13]}
Ke8 {[%clk 0:01:14]} 70. Rh2 {[%clk 0:13:33]} Re1 {[%clk 0:01:11]} 71. Rb2 {[%clk
0:13:47]} Ke7 {[%clk 0:00:33]} 72. Kb8 {[%clk 0:13:52]} Rc1 {[%clk 0:00:39]} 73.
c7 {[%clk 0:14:15]} Kd7 {[%clk 0:00:57]} 74. Rd2+ {[%clk 0:14:38]} 1-0